Loading...
| History - European History | 3 | 1 | 0 | 1 | 55 | 52 | 70.75 | 2 | 4 |
| History - American History | 2 | 2 | 0 | 1 | 50 | 64 | 93.00 | 1 | 2 |
| Beliefs | 1 | 3 | 1 | 0 | 40 | 49 | 92.25 | 1 | 3 |
| Social Science | 0 | 4 | 0 | 0 | 40 | 76 | 92.50 | 1 | 3 |
| Fine Arts - Other Arts | 1 | 2 | 0 | 0 | 35 | 54 | 102.67 | 1 | 2 |
| Literature - World Literature | 1 | 2 | 0 | 1 | 35 | 65 | 105.00 | 1 | 3 |
| Auditory Arts | 0 | 3 | 0 | 1 | 30 | 112 | 123.67 | 0 | 0 |
| History - World History | 0 | 3 | 0 | 1 | 30 | 107 | 124.33 | 0 | 2 |
| Science - Other Science | 0 | 3 | 0 | 0 | 30 | 78 | 109.00 | 0 | 2 |
| History - Other History | 0 | 2 | 0 | 1 | 20 | 122 | 125.00 | 0 | 0 |
| Visual Arts | 0 | 2 | 1 | 0 | 15 | 103 | 114.50 | 0 | 0 |
| Other Academic | 1 | 0 | 0 | 0 | 15 | 15 | 15.00 | 1 | 1 |
| Science - Biology | 0 | 1 | 0 | 0 | 10 | 116 | 116.00 | 0 | 1 |
| Literature - British Literature | 0 | 1 | 0 | 0 | 10 | 113 | 113.00 | 0 | 1 |
| Current Events | 0 | 1 | 0 | 0 | 10 | 105 | 105.00 | 0 | 0 |
| History - Ancient History | 1 | 0 | 1 | 0 | 10 | 58 | 58.00 | 0 | 1 |
| Philosophy | 0 | 1 | 0 | 0 | 10 | 108 | 108.00 | 0 | 0 |